000 00836nac a22002537a 4500
001 BR7800581
003 BR-BrBNA
005 20240105114206.0
008 230509b bl.|||m| |||| 00| 0 por d
040 _aBR-BrBNA
_bpor
_cBiblioteca Nacional de Agricultura
072 _aK10
090 _a3240 BR7800581
100 1 _aGolfari, L.
110 1 _aProjeto de Desenvolvimento e Pesquisa Florestal, Brasilia, DF (Brasil)
_98062
245 1 _aProblemas atuais da silvicultura brasileira [eucalipto]
260 3 _aBrasilia, DF (Brasil):
_c1977.
300 _a11 p.
490 _aComunicacao Tecnica - Projeto de Desenvolvimento e Pesquisa Florestal (Brazil)
_vno. 12
_x
650 _aSILVICULTURA
650 _aEUCALIPTO
650 _aPRODUCAO FLORESTAL
909 _a202312
_bLúcia Elande
_c55
_dLúcia Elande
942 _2AGRIS
_n0
_cMS
999 _c267916
_d267916